| 000 | 00688nam a2200205 i 4500 | ||
|---|---|---|---|
| 001 | 130434 | ||
| 003 | ES-MaACL | ||
| 005 | 20230906193736.0 | ||
| 007 | t| | ||
| 008 | 070727s1964 sp |||| | spa d | ||
| 080 | _a347.238.31(46) | ||
| 100 | 1 |
_aZanón Masdeu, Luis. _9117981 |
|
| 245 | 1 | 3 |
_aLa propiedad de casas por pisos / _cpor Luis Zanón Masdeu... ; con la colaboración de Jorge Bas Vidal... ; prólogo por Manuel Albaladejo García. |
| 260 |
_aBarcelona : _bAriel, _c[1964] |
||
| 300 |
_a672 p. ; _c24 cm. |
||
| 650 | 1 | 4 |
_aPropiedad horizontal- _zEspaña. _916479 |
| 700 | 1 |
_aBas Vidal, Jorge. _926231 |
|
| 700 | 1 |
_aAlbaladejo, Manuel. _919218 |
|
| 852 |
_aES-MaACL _jC-27344 |
||
| 999 |
_c130434 _d130434 |
||